000 00474cam a2200193ua 4500
001 7423
008 141210n ii |||gr||||Z||||||ben
040 _cMAIN
041 _aben
082 _a891.444
100 _aTagore, R.,
_eAuthor.
245 1 _aAnubadcharcha
_cBy Rabindranath Tagore
250 _a1st.
260 _aKolkatta:
_bBiswabharati,
_c1963.
300 _a127p.
653 _aEast Indo-European & Celtic literatures
653 _aBengali essays
942 _cBK
999 _c6546
_d6546